000 00894nam0a22002531 4500
001 rc\1170099
005 20250630121144.0
035 _a(NLR Aleph) 006413240
090 _a5368981
_c5368981
100 _a20041129d1980 |||y0rusy50 ca
101 0 _arus
102 _aRU
105 _aa |||||||||
200 1 _aМетодическое пособие по решению некоторых задач баллистического проектирования летательных аппаратов с помощью ЭЦВМ
210 _a[М.]
_cМ-во обороны
_d1980
215 _a40 с., 1 л. схем.
_cсхем.
_d22
300 _aДля внутривед. продажи
320 _aБиблиогр.: с. 39
700 1 _aХрупенко
_bА.Н.
801 0 _aRU
_bNLR
_gpsbo
801 1 _aRU
_bELAR
_2rusmarc
852 _aNLR
_j81-50К/292
942 _cBOOK
980 _aNB